Chi Vuol Essere Milionario? - Statistics

Statistiche generali
  • Questo quiz è stato fatto 2.830 volte
  • Il punteggio medio è 6 su 15
Statistiche sulle risposte
Domanda Risposta % Corretto
500€ Qual è la capitale d'Italia? Roma
96%
1.500€ L’espressione inglese che indica il giorno di gennaio ritenuto il più triste dell’anno è… Blue Monday
77%
1.000€ La zizzania di cui si parla nel Vangelo secondo Matteo è una… Pianta infestante
57%
7.000€ Agatha Christie sapeva bene come ‘avvelenare’ i personaggi dei suoi gialli, perché da giovane era stata… Assistente in farmacia
52%
10.000€ Qual è stato il primo videoclip musicale trasmesso nel 1981 dalla neonata emittente MTV? Video Killed the Radio Star
44%
300.000€ Per alcuni anni, Forbes ha stilato la classifica dei 15 personaggi immaginari più ricchi. Stando agli ultimi dati, tra questi è più ricco… Paperon de’ Paperoni
40%
5.000€ Qualche anno fa, la Camera di Commercio di Monza-Brianza ha calcolato il valore dei brand dei più noti monumenti europei. Al 1° posto, con oltre, 434milardi di euro di classifica… La Tour Eiffel
39%
2.000€ "Lunga vita e prosperità" è il motto di quale celeberrima serie? Star Trek
38%
15.000€ In Europa, tra le città più ‘ciclabili’ e bike-friendly ci sono Copenaghen e Amsterdam. In Italia, secondo i dati di OpenStreetMap il primato spetta a… Ferrara
37%
1.000.000€ Cosa lasciò scritto sul suolo lunare Gene Cernan, l'ultimo uomo che mise piede sulla Luna? Le iniziali della figlia
33%
30.000€ Il giovane Johnny Depp nel film ‘Platoon’, porta scritto sull’elmetto il vero nome della sua compagna di allora, poi tra le protagoniste di… I segreti di Twin Peaks
27%
70.000€ Secondo la tradizione, l’espressione inglese ‘Peeping Tom’, cioè ‘Guardone’, ha origine dalla storia di un giovane che rimase cieco per aver sbirciato, nella sua nudità… Lady Godiva
21%
20.000€ 22 novembre 1963, sono le ore 12:30: è falso che quel giorno a Dallas… C’era una sola donna a bordo
18%
3.000€ Per stabilire le affinità di coppia, a noi occidentali capita di osservare i segni zodiacali. A quale di queste cose guardano spesso i giapponesi? Il gruppo sanguigno
18%
150.000€ Chi usò per primo l’espressione ‘Guerra Fredda’, in un articolo intitolato ‘You and the atomic bomb’ uscito il 19 ottobre 1945? George Orwell
16%
Nessun quiz corrispondente trovato
Distribuzione punteggi
Percentuale di utenti per punteggio
Percentile per numero di risposta
I tuoi punteggi nel tempo
Non hai fatto questo quiz